Daňová kooperácia vo svete

Na minha lista:
Detalhes bibliográficos
Autor principal: Simonidesová, Jana, 1968-
Formato: Capítulo de Livro
Idioma:inglês
Assuntos:
Tags: Adicionar Tag
Sem tags, seja o primeiro a adicionar uma tag!

MARC

LEADER 00000naa$a2200000$$$4500
001 0260940
005 20240502074136.3
041 0 |a eng 
044 |a SK 
245 1 0 |a Daňová kooperácia vo svete  |c Jana Simonidesová 
500 |a abstrakt 
610 2 0 |a dane 
610 2 0 |a harmonizácia 
610 2 0 |a kooperácia 
610 2 0 |a koordinácia 
100 1 |a Simonidesová, Jana, 1968-